Who Wants To Be A Millionaire - 'Coughing Major' Questions (lifelines) - Statistics

General Stats
  • This quiz has been taken 8 times
  • The average score is 10 of 15
Answer Stats
Question Answer % Correct
£200: What name is given to a person who is against increasing the powers of the European Union?
♦ A: Eurosceptic
100%
£2,000: In 'Coronation Street', who is Audrey's daughter?
'Ask the Audience' used
♦ B: Gail 89%
100%
£4,000: The River Foyle is found in which part of the United Kingdom?
'Phone a Friend' used
♦ C: Northern Ireland99% sure
100%
£1 MILLION: A number one followed by one hundred zeros is known by what name?
♦ A: Googol
88%
£250,000: What type of garment is an Anthony Eden?
♦ B: Hat
88%
£100: On which would you air laundry?
♦ B: Clothes Horse
75%
£500: Which of these is the nickname for a famous Scottish army regiment?
♦ D: Black Watch
75%
£300: What is butterscotch?
♦ D: Brittle toffee
75%
£8,000: Who was the second husband of Jacqueline Kennedy?
♦ C: Aristotle Onassis
63%
£1,000 (Checkpoint): The Normans, who invaded and conquered England in 1066, spoke which language?
♦ C: French
63%
£32,000 (Checkpoint): Who had a hit UK album with 'Born To Do It', released in 2000?
'50/50' used
♦ D: Craig David
50%
£16,000: Emmental is a cheese from which country?
♦ D: Switzerland
50%
£500,000: Baron Haussmann is best known for his planning of which city?
♦ B: Paris
38%
£64,000: Gentlemen v Players was an annual match between amateurs and professionals of which sport?
♦ D: Cricket
38%
£125,000: 'The Ambassadors', in the National Gallery, is a painting by which artist?
♦ B: Holbein
25%
No matching quizzes found
Score Distribution
Percent of People with Each Score
Percentile by Number Answered
Your Score History
You have not taken this quiz